000 00222 a2200097 4500
001 28352
100 _aReilly, J G
245 _aPhysical Science, an Interrelated Course
260 _a
_bAd Wesley
_c
090 _c18961
_d18961
942 _aNUST-CAE
_cM
_c9959
999 _c263425
_d263425